Revisión de las consideraciones básicas del diseño actual de pavimentos flexibles con refuerzo geosintético
Gardado en:
| Autor Principal: | |
|---|---|
| Formato: | Libro |
| Publicado: |
[San José, Costa Rica]
2003
|
| Materias: | |
| Etiquetas: |
Engadir etiqueta
Sen Etiquetas, Sexa o primeiro en etiquetar este rexistro!
|
MARC
| LEADER | 00000nam a2200000Ia 4500 | ||
|---|---|---|---|
| 003 | 009161 | ||
| 005 | 20221231144148.0 | ||
| 008 | 140114s9999 cr a m 000 ||s d | ||
| 040 | |c cru CEDI | ||
| 090 | |a TFG 4702 | ||
| 100 | |a Naranjo Ureña, Ronald |9 6997 | ||
| 245 | |a Revisión de las consideraciones básicas del diseño actual de pavimentos flexibles con refuerzo geosintético | ||
| 260 | |c 2003 |a [San José, Costa Rica] | ||
| 300 | |a 100, [20] hojas : ilustraciones | ||
| 500 | |a Proyecto de graduación (licenciatura en ingeniería civil)--Universidad de Costa Rica. Facultad de Ingeniería. Escuela de Ingeniería Civil | ||
| 650 | |x GEOSINTETICOS |x PAVIMENTOS FLEXIBLES |x MATERIALES PARA CARRETERAS |x GEOTEXTILES |x REFUERZO (CONSTRUCCION) |9 6998 | ||
| 942 | |c TFG | ||
| 999 | |c 17779 |d 17779 | ||
